Biblioteca y Centro de Documentación

Social policy (Registro nro. 39650)

Detalles MARC
000 -CABECERA
Longitud fija campo de control 01023naa a2200301 c 4500
001 - NÚMERO DE CONTROL
Número de control 39650
003 - IDENTIFICADOR DE NÚMERO DE CONTROL
Identificador del número de control ES-MaCES
005 - FECHA Y HORA DE LA ÚLTIMA TRANSACCIÓN
Fecha y hora de la última transacción 20091221075400.0
008 - CAMPO FIJO DE DESCRIPCIÓN FIJA--INFORMACIÓN GENERAL
Códigos de información de longitud fija   091221n2009 xxk t 000 | eng d
035 ## - NÚMERO DE CONTROL DEL SISTEMA
Número de control del sistema CES20090010933v
040 ## - FUENTE DE CATALOGACIÓN
Centro catalogador de origen ES-MaCES
Lengua de catalogación spa
Centro transcriptor ES-MaCES
100 1# - ENCABEZAMIENTO PRINCIPAL--NOMBRE PERSONAL
Nombre de persona Wilding, Paul
9 (RLIN) 26282
245 10 - MENCIÓN DE TÍTULO
Título Social policy
Resto del título : now an then
Mención de responsabilidad, etc. Paul Wilding
500 ## - NOTA GENERAL
Nota general Resumen
650 #4 - ASIENTO SECUNDARIO DE MATERIA--TÉRMINO DE MATERIA
Término de materia o nombre geográfico como elemento inicial Reino Unido
9 (RLIN) 26967
650 #4 - ASIENTO SECUNDARIO DE MATERIA--TÉRMINO DE MATERIA
Término de materia o nombre geográfico como elemento inicial informe de investigación
9 (RLIN) 29446
650 #4 - ASIENTO SECUNDARIO DE MATERIA--TÉRMINO DE MATERIA
Término de materia o nombre geográfico como elemento inicial gestión de las prestaciones
9 (RLIN) 30736
650 #4 - ASIENTO SECUNDARIO DE MATERIA--TÉRMINO DE MATERIA
Término de materia o nombre geográfico como elemento inicial administración de la seguridad social
9 (RLIN) 30264
650 #4 - ASIENTO SECUNDARIO DE MATERIA--TÉRMINO DE MATERIA
Término de materia o nombre geográfico como elemento inicial intervención estatal
9 (RLIN) 29380
650 #4 - ASIENTO SECUNDARIO DE MATERIA--TÉRMINO DE MATERIA
Término de materia o nombre geográfico como elemento inicial Estado-Benefactor
9 (RLIN) 29481
650 #4 - ASIENTO SECUNDARIO DE MATERIA--TÉRMINO DE MATERIA
Término de materia o nombre geográfico como elemento inicial protección social
9 (RLIN) 29076
650 #4 - ASIENTO SECUNDARIO DE MATERIA--TÉRMINO DE MATERIA
Término de materia o nombre geográfico como elemento inicial política social
9 (RLIN) 27029
653 10 - TÉRMINO DE INDEXACIÓN--NO CONTROLADO
Término no controlado Seguridad Social
773 0# - ENTRADA DE DOCUMENTO FUENTE
Título Social Policy and Administration
Parte(s) relacionada(s) vol. 43, no. 7 (Dec. 2009){10210 R. 075588}; p. 736-749
Número de control del registro relacionado (ES-MaCES)25226
Itemnumber del ítem fuente 43946
902 ## - CES. TIPO DE DOCUMENTO
Tipodoc (006$c Sirtex) ART Artículo de revista
942 ## - ELEMENTOS KOHA
Fuente de clasificaión o esquema Clasificación propia del CES
Koha [por defecto] tipo de item Artículos (1982-2017)
Parte de clasificación 3.0.

No hay ítems disponibles.

© CES, Consejo Económico y Social de España 2021